000 00293nam a2200121Ia 4500
008 220216s9999 xx 000 0 und d
100 _aBoocock D
245 2 _aA new wood preservative for estates
260 _bPlanter
_c1956
300 _a258-261
650 _aWood preservative
942 _cJS
999 _c53457
_d53457